Historia de Las Indias escrita por Fray Bartolomé de Las Casas Obispo de Chiapa: ahora por primera vez dada a luz por el Marqués de la Fuensanta del Valle y D. José Sancho Rayon
Salvato in:
| Autore principale: | |
|---|---|
| Natura: | Libro |
| Lingua: | spagnolo |
| Pubblicazione: |
Madrid, España
Imprenta de Miguel Ginesta
1875
|
| Soggetti: | |
| Tags: |
Aggiungi Tag
Nessun Tag, puoi essere il primo ad aggiungerne!!
|
MARC
| LEADER | 00000nam a2200000 a 4500 | ||
|---|---|---|---|
| 001 | UCJ7374 | ||
| 003 | CL-VaPUC | ||
| 005 | 20210603001320.0 | ||
| 008 | 070124e18750000SP |||||||||||||||||spa|d | ||
| 999 | |c 323464 |d 323462 | ||
| 040 | |c Pontificia Universidad Católica de Valparaíso | ||
| 082 | 0 | 4 | |a 980 LAS 1875 |2 21 |
| 100 | 0 | |a Las Casas, Bartolomé de |9 350359 | |
| 245 | 1 | 0 | |a Historia de Las Indias escrita por Fray Bartolomé de Las Casas Obispo de Chiapa: ahora por primera vez dada a luz por el Marqués de la Fuensanta del Valle y D. José Sancho Rayon |
| 260 | 0 | 3 | |a Madrid, España |b Imprenta de Miguel Ginesta |c 1875 |
| 300 | |a 5 volúmenes. | ||
| 583 | |a last modification |c 20070124 00:00:00 |k Rodrigo Vera | ||
| 650 | 0 | |a Descubrimientos geográficos |9 331933 | |
| 650 | 0 | |a Aborígenes |9 329972 | |
| 650 | 0 | |a Colonización española |9 256592 | |
| 650 | 7 | |a CRONISTAS |2 CL-VaPUC |9 315671 | |
| 942 | |c BK |2 ddc | ||
| 945 | |d 20070124 00:00:00 |a rinostro | ||
| 952 | |0 0 |1 0 |4 0 |6 980_000000000000000_LAS_1875 |7 0 |8 X |9 403065 |a FDOBUD |b FDOBUD |d 2019-11-22 |h v.1 |i 1062468 |o 980 LAS 1875 |p 1062468 |r 2019-11-22 |t 1 |w 2019-11-22 |y BK_X |k BUD | ||
| 952 | |0 0 |1 0 |4 0 |6 980_000000000000000_LAS_1875 |7 0 |8 X |9 403066 |a FDOBUD |b FDOBUD |d 2019-11-22 |h v.2 |i 1062476 |o 980 LAS 1875 |p 1062476 |r 2019-11-22 |t 1 |w 2019-11-22 |y BK_X |k BUD | ||
| 952 | |0 0 |1 0 |4 0 |6 980_000000000000000_LAS_1875 |7 0 |8 X |9 403067 |a FDOBUD |b FDOBUD |d 2019-11-22 |h v.3 |i 1062484 |o 980 LAS 1875 |p 1062484 |r 2019-11-22 |t 1 |w 2019-11-22 |y BK_X |k BUD | ||
| 952 | |0 0 |1 0 |4 0 |6 980_000000000000000_LAS_1875 |7 0 |8 X |9 403068 |a FDOBUD |b FDOBUD |d 2019-11-22 |h v.4 |i 1062492 |o 980 LAS 1875 |p 1062492 |r 2019-11-22 |t 1 |w 2019-11-22 |y BK_X |k BUD | ||
| 952 | |0 0 |1 0 |4 0 |6 980_000000000000000_LAS_1875 |7 0 |8 X |9 403069 |a FDOBUD |b FDOBUD |d 2019-11-22 |h v.5 |i 1062506 |o 980 LAS 1875 |p 1062506 |r 2019-11-22 |t 1 |w 2019-11-22 |y BK_X |k BUD | ||